000 00740nam a2200301Ia 4500
008 161027s9999||||xx |||||||||||||| ||und||
040 _c"Sanskrit, Hindi"
082 _aX.B
082 _bBORI-38681
100 _aShree Kundkundacharya
245 _aShree Panchstikay Darpan
245 _bSheetalprasadaji
250 _b1
260 _aSurat
260 _bMulchand Kisandas kapadiya
300 _a424
300 _cA
300 _eHardbound
530 _u00038243.pdf
563 _aText
600 _aShree Kundkundacharya
630 _aShree Panchstikay Darpan
650 _aBuddhism & Jainism
650 _aJainism
700 _aShree Kundkundacharya
730 _aShree Panchstikay Darpan
942 _cBOOK
999 _c1401737
_d1401734